000 01013nam a22002897a 4500
999 _c12662
_d12662
003 EG-ScBUE
005 20210123101043.0
008 090820s2003 ua f 000 j ara d
017 _a2003/7853
020 _a9773054160
040 _aEG-ScBUE
_bara
_erda
_cEG-ScBUE
_dEG-ScBUE
082 0 4 _a‪892.737
_bن ب ي
_222
100 1 _98689
_aعبد النبي، محمد،‏
_d1977-
_eمؤلف.
245 1 0 _aوردة للخونة :
_bقصص /
_cمحمد عبد النبي.
250 _aالطبعة الأولى.
264 1 _aالقاهرة :
_bالهيئة العامة لقصور الثقافة،
_c2003.
300 _a136 صفحة ؛
_c22 سم.
336 _2rdacontent
_aنص
_btxt
337 _2rdamedia
_aبدون وسيط
_bn
338 _2rdacarrier
_aمجلد
_bnc
490 0 _aإبداعات ؛
_v171
650 7 _98088
_aالقصص العربية القصيرة
_zمصر
_yقرن 21.
_2BUEsh
651 _2BUEsh
653 _bARALIT
_cJanuary2021
655 _vReading book
_934232
942 _2ddc
_cBB